<?xml version="1.0" encoding="UTF-8"?><?xml-stylesheet type="text/xsl" href="static/style.xsl"?><OAI-PMH xmlns="http://www.openarchives.org/OAI/2.0/" xmlns:xsi="http://www.w3.org/2001/XMLSchema-instance" xsi:schemaLocation="http://www.openarchives.org/OAI/2.0/ http://www.openarchives.org/OAI/2.0/OAI-PMH.xsd"><responseDate>2026-04-17T23:30:26Z</responseDate><request verb="GetRecord" identifier="oai:www.recercat.cat:20.500.12327/1046" metadataPrefix="marc">https://recercat.cat/oai/request</request><GetRecord><record><header><identifier>oai:recercat.cat:20.500.12327/1046</identifier><datestamp>2025-10-22T11:34:04Z</datestamp><setSpec>com_2072_4428</setSpec><setSpec>com_2072_4427</setSpec><setSpec>col_2072_487898</setSpec></header><metadata><record xmlns="http://www.loc.gov/MARC21/slim" xmlns:dcterms="http://purl.org/dc/terms/" xmlns:xsi="http://www.w3.org/2001/XMLSchema-instance" xmlns:doc="http://www.lyncode.com/xoai" xsi:schemaLocation="http://www.loc.gov/MARC21/slim http://www.loc.gov/standards/marcxml/schema/MARC21slim.xsd">
   <leader>00925njm 22002777a 4500</leader>
   <datafield ind2=" " ind1=" " tag="042">
      <subfield code="a">dc</subfield>
   </datafield>
   <datafield ind2=" " ind1=" " tag="720">
      <subfield code="a">Rovira, Mercè</subfield>
      <subfield code="e">author</subfield>
   </datafield>
   <datafield ind2=" " ind1=" " tag="720">
      <subfield code="a">Romero, Agustí</subfield>
      <subfield code="e">author</subfield>
   </datafield>
   <datafield ind2=" " ind1=" " tag="720">
      <subfield code="a">Batlle, Ignasi</subfield>
      <subfield code="e">author</subfield>
   </datafield>
   <datafield ind2=" " ind1=" " tag="260">
      <subfield code="c">2019-12-25</subfield>
   </datafield>
   <datafield ind2=" " ind1=" " tag="520">
      <subfield code="a">For many years, Spain was the fourth largest hazelnut producer worldwide, after Turkey, Italy and the USA. However, Spanish production currently occupies the tenth place with 10,500 t in 2017, due to the reduction of land used for cultivation, coupled with the growing importance of other producing countries: Azerbaijan, China, Georgia, Chile, Iran and France. In Europe, with 16% of world hazelnut production, in 2017, Italy is the main producer country (81%), followed by France and Spain, producing 6,7% and 6,5%, respectively. The hazelnut tree (Corylus avellana L.) grows wild in Spain. In 2017, the total cultivated area dedicated to this species was 12,806 ha, mainly (82%) concentrated in Tarragona, southern Catalonia. Finally, it is worth highlighting the sector's great investment in fruit processing technology. Currently, the main cooperatives offer semi-finished products to many European chocolate industries and have their own production of roasted products, in shell and flour, for direct sale.</subfield>
   </datafield>
   <datafield ind1="8" ind2=" " tag="024">
      <subfield code="a">Rovira, Mercè, Agustí Romero, and Ignasi Batlle. 2019. "Hazelnut Production And Prospects In Spain". Uluslararası Anadolu Ziraat Mühendisliği Bilimleri Dergisi 1 (5): 86-95. https://dergipark.org.tr/tr/pub/uazimder/issue/51011/665923.</subfield>
   </datafield>
   <datafield ind1="8" ind2=" " tag="024">
      <subfield code="a">2667-7571</subfield>
   </datafield>
   <datafield ind1="8" ind2=" " tag="024">
      <subfield code="a">http://hdl.handle.net/20.500.12327/1046</subfield>
   </datafield>
   <datafield ind1="8" ind2=" " tag="024">
      <subfield code="a">https://dergipark.org.tr/tr/pub/uazimder/issue/51011/665923</subfield>
   </datafield>
   <datafield ind2="0" ind1="0" tag="245">
      <subfield code="a">Hazelnut production and prospects in Spain</subfield>
   </datafield>
</record></metadata></record></GetRecord></OAI-PMH>